| 000 | 00844cab a2200229 4500 | ||
|---|---|---|---|
| 001 | ##L132252 | ||
| 008 | 060123n2006 000 0 eng u | ||
| 035 | _a(Sirsi) u132252 | ||
| 041 | 0 | _aeng | |
| 245 | 0 | 0 |
_aProperty _bcommercial _bcase updater |
| 260 | _c2006 | ||
| 490 | 0 |
_aEMIS Property Service _v4(1) January 2006, 8-10(3) |
|
| 520 | _aLaw summaries in the commerical property area featuring cases relating to the Landlord and Tenant Act 1954; forfeiture; rent review, and covenants. | ||
| 590 | _aIKA310106 | ||
| 650 | 2 | 4 | _aDAVIES ATTBROOK (CHEMISTS) V BENCHMARK GROUP |
| 650 | 2 | 4 | _aSHIRAYAMA SHOKUSAN V DANOVO |
| 650 | 2 | 4 | _aWILDERBROOK V OLUWU |
| 650 | 2 | 4 | _aAVONRIDGE PROPERTY COMPANY V LONDON DIOCESAN FUND |
| 690 | _aPROPERTY-COMMERCIAL PROPERTY-LEASEHOLD COMMERCIAL PROPERTY | ||
| 700 | 1 | _aKilcoyne, Desmond | |
| 942 | _n0 | ||
| 999 |
_c76374 _d76374 |
||